Modern Accountant's handbook. (Record no. 797999)

MARC details
000 -LEADER
fixed length control field 00663nam a2200229Ia 4500
003 - CONTROL NUMBER IDENTIFIER
control field OSt
005 - DATE AND TIME OF LATEST TRANSACTION
control field 20220928133132.0
008 - FIXED-LENGTH DATA ELEMENTS--GENERAL INFORMATION
fixed length control field 220927b |||||||| |||| 00| 0 eng d
037 ## - SOURCE OF ACQUISITION
Terms of availability Reference Collections
040 ## - CATALOGING SOURCE
Original cataloging agency SDCL
Transcribing agency SDCL
Language of cataloging eng
041 ## - LANGUAGE CODE
Source of code eng
Language code of text/sound track or separate title eng
100 ## - MAIN ENTRY--PERSONAL NAME
Personal name Edwards James Don
9 (RLIN) 424683
245 #0 - TITLE STATEMENT
Title Modern Accountant's handbook.
260 ## - PUBLICATION, DISTRIBUTION, ETC.
Place of publication, distribution, etc. Homewood
Name of publisher, distributor, etc. Dow Jones-Irwin
Date of publication, distribution, etc. 1976
700 ## - ADDED ENTRY--PERSONAL NAME
Personal name Black Homer A
9 (RLIN) 484545
942 ## - ADDED ENTRY ELEMENTS (KOHA)
Classification part X:8Fg, L6 RR
Koha item type Reference
Source of classification or shelving scheme Colon Classification (CC)
Holdings
Withdrawn status Lost status Damaged status Not for loan Home library Current library Date acquired Total Checkouts Full call number Barcode Date last seen Price effective from Koha item type
        South Campus Library South Campus Library 2022-09-28   X:8Fg L6 RR SC0673040 2022-09-28 2022-09-28 Reference
Copyright @ Delhi University Library System